Perpetual Ranking of Premier League/Classifica perpetua premier league - Statistics

Statistiche generali
  • Questo quiz è stato fatto 259 volte
  • Il punteggio medio è 27 su 49
Statistiche sulle risposte
POSIZIONE PUNTI SQUADRA % Corretto
4 1946 Liverpool
100%
7 1450 Manchester City
100%
1 2234 Manchester United
100%
3 1997 Chelsea
99%
2 2011 Arsenal
97%
5 1654 Tottenham
94%
9 1258 Aston Villa
89%
14 669 Leicester
86%
10 1137 West Ham
86%
6 1476 Everton
85%
8 1316 Newcastle
83%
36 239 Nottingham Forest
78%
42 117 Brighton
75%
13 692 Leeds
74%
34 252 Wolverhampton
74%
11 980 Southampton
73%
17 612 Fulham
68%
19 472 Crystal Palace
66%
16 618 Sunderland
63%
35 251 Burnley
60%
39 186 Sheffield United
59%
30 301 Birmingham
58%
12 970 Blackburn
57%
25 380 Norwich
55%
29 308 QPR
55%
28 312 Swansea
55%
38 211 Bournemouth
54%
44 64 Cardiff
51%
33 262 Watford
46%
32 274 Derby County
45%
40 171 Hull City
45%
21 457 Stoke City
45%
23 392 Sheffield Wednesday
41%
37 224 Ipswich Town
40%
18 575 Bolton
39%
20 464 West Bromwich
38%
31 293 Portsmouth
37%
15 661 Middlesbrough
35%
47 39 Blackpool
32%
46 53 Huddersfield
32%
27 331 Wigan
31%
41 119 Reading
28%
26 361 Charlton
26%
22 409 Coventry City
23%
24 391 Wimbledon
23%
48 35 Barnsley
17%
45 62 Bradford
15%
49 30 Swindon
9%
43 89 Oldham
7%
Nessun quiz corrispondente trovato
Distribuzione punteggi
Percentuale di utenti per punteggio
Percentile per numero di risposta
I tuoi punteggi nel tempo
Non hai fatto questo quiz